000 00882nam a2200265 i 4500
003 CO-ViMGA
005 20240729171329.0
008 141112s2004 ck r 000 u spa d
020 _a9586390853
040 _aCO-ViMGA
_bspa
_cCO-ViMGA
041 _aspa
043 _as-ck---
082 _aCo863.44 S68c
084 _aC SOT
100 1 _aSoto Aparicio, Fernando
_eautor
_917115
245 1 0 _aEl color del viento /
_cFernando Soto Aparicio; ilustraciones, Carlos Soto - María Consuelo Salazar
250 _aPrimera edición
264 1 _aBogotá, Colombia
_bGrijalbo
_c1993
264 4 _c1993
300 _a128 páginas
_bilustraciones a color
_calto 22cm ancho 15cm
590 _aForma de adquisición : donacion - - Proveedor : Luis Ángel Arango
650 1 7 _aLiteratura infantil
_2LEMB
_92746
650 1 7 _aCuentos infantiles colombianos
_2LEMB
942 _2ddc
_cBKINF
999 _c20036
_d20036